Como lámpara encendida : (Record no. 187225)

MARC details
000 -LEADER
campo de control de longitud fija 01114nam a2200289 i 4500
001 - NÚMERO DE CONTROL
campo de control 187225
003 - IDENTIFICADOR DE NÚMERO DE CONTROL
campo de control SpMaBN
005 - FECHA Y HORA DE LA ÚLTIMA TRANSACCIÓN
campo de control 20250629063154.0
008 - DATOS DE LONGITUD FIJA--INFORMACIÓN GENERAL
campo de control de longitud fija 170516s2003 sp cf |||| |bspa d
020 ## - NÚMERO INTERNACIONAL ESTÁNDAR DEL LIBRO
Número Internacional Estándar del Libro 84-95894-56-4
080 ## - NÚMERO DE LA CLASIFICACIÓN DECIMAL UNIVERSAL
Número de la Clasificación Decimal Universal 929 José María Rubio, Santo (0:82)
100 1# - ENTRADA PRINCIPAL--NOMBRE DE PERSONA
Nombre de persona Lamet, Pedro Miguel.
9 (RLIN) 69846
Término indicativo de función/relación Autor
245 10 - MENCIÓN DEL TÍTULO
Título Como lámpara encendida :
Resto del título José María Rubio (1864-1929) /
Mención de responsabilidad, etc. Pedro Miguel Lamet.
250 ## - MENCION DE EDICION
Mención de edición 1ª ed.
260 ## - PUBLICACIÓN, DISTRIBUCIÓN, ETC.
Lugar de publicación, distribución, etc. Barcelona :
Nombre del editor, distribuidor, etc. Belacqva,
Fecha de publicación, distribución, etc. 2003.
300 ## - DESCRIPCIÓN FÍSICA
Extensión 253 páginas, [32] páginas de láminas :
Otras características físicas 1 ilustración ;
Dimensiones 23 cm.
490 1# - MENCIÓN DE SERIE
Mención de serie Puertas abiertas
500 ## - NOTA GENERAL
Nota general Cronología
500 ## - NOTA GENERAL
Nota general Donativo herederos de la bibl. de M.ª del Pilar Costa Palacín
599 ## - NOTA A LAS ILUSTRACIONES
NOTA A LAS ILUSTRACIONES La il. es una carta autógrafa de José María Rubio
600 07 - PUNTO DE ACCESO ADICIONAL DE MATERIA--NOMBRE DE PERSONA
Nombre de persona José María Rubio,
Títulos y otros términos asociados al nombre Santo,
Fechas asociadas al nombre 1864-1929
9 (RLIN) 162686
Fuente del encabezamiento o término embne
830 0# - PUNTO DE ACCESO ADICIONAL DE SERIE-TÍTULO UNIFORME
Título uniforme Puertas abiertas
9 (RLIN) 183412
852 ## - LOCALIZACIÓN
Ubicación ES-MaACL
Ubicación en estantería Depósito 2
Donativo/Legado Donat. herederos de la bibl. de Mª del Pilar Costa Palacín
Número de control de estantería L-31638
Encuadernación Cartoné
942 ## - ELEMENTOS DE ENTRADA SECUNDARIOS (KOHA)
Fuente del sistema de clasificación o colocación Clasificación decimal universal
Tipo de ítem Koha Libro impreso
Suprimir en OPAC No
Holdings
Estatus retirado Estado de pérdida Estado de daño No para préstamo Biblioteca de origen Biblioteca actual Ubicación en estantería Fecha de adquisición Fuente de adquisición Total de préstamos Signatura topográfica completa Código de barras Visto por última vez Precio de reemplazo Tipo de ítem Koha
        Biblioteca del Ateneo de Madrid Biblioteca del Ateneo de Madrid Depósito 2 16/05/2017     L-31638 1197563 23/02/2023 23/02/2023 Libro impreso